| 000 | 00981nam a2200289 i 4500 | ||
|---|---|---|---|
| 003 | EG-GICUC | ||
| 005 | 20260121101647.0 | ||
| 008 | 260105s1963 -uaaodkfr|||| 000 0 eng d | ||
| 040 |
_aEG-GiCUC _beng _cEG-GiCUC _dEG-GiCUC _erda |
||
| 041 | 0 | _aeng | |
| 082 | 0 | 4 |
_221 _a338.9 _bUN |
| 092 | 0 | 4 | _221 |
| 099 | _aLaw1 13 338.9 UN 1963 | ||
| 110 | 1 |
_kUnited Arab Republic _eAuthor. |
|
| 245 | 1 | 0 |
_a12 Years Of Industrial Development / _b1952-1964. |
| 264 | 1 |
_aCairo : _bPrinted At The General Organisation For Government Printing Offices, _c1963. |
|
| 300 |
_a345 pages : _billustrations, _c24 cm. |
||
| 336 |
_2rda content _atext |
||
| 337 |
_2rda media _aComputer |
||
| 338 |
_2rda carrier _aOnline Resource |
||
| 500 | _aIncludes colored illustrations, maps, tables, and charts. | ||
| 546 | _aText in English | ||
| 650 | 1 | _aPublic finance and tax legislation | |
| 856 | 4 | 0 | _uhttps://fll.law.cu.edu.eg/fulltext/bks/B13-08965.pdf |
| 905 | _a48 | ||
| 942 |
_2ddc _cBK _e21 _n0 |
||
| 999 |
_c54525 _d54525 |
||